[Event "North American-ch U14"]
[Site "Montreal"]
[Date "2010.08.17"]
[Round "4"]
[White "Farrant Diaz, Nathan"]
[Black "Shen, Arthur"]
[Result "0-1"]
[WhiteElo "1319"]
[BlackElo "2220"]
[PlyCount "100"]
[EventDate "2010.08.16"]
[EventType "swiss"]
[EventRounds "7"]
[EventCountry "CAN"]
[SourceTitle "EXT 2013"]
[Source "ChessBase"]
[SourceDate "2012.11.22"]
[SourceVersion "1"]
[SourceVersionDate "2012.11.22"]
[SourceQuality "1"]

1. e4 c5 2. Nc3 d6 3. g3 Nc6 4. Bg2 g6 5. d3 Bg7 6. Be3 e6 7. Qd2 a6 8. Nd1 h5 9. c3 Nf6 10. h3 Qc7 11. Ne2 b6 12. f4 Bb7 13. 0-0 Ne7 14. Nf2 Nd7 15. Rac1 0-0-0 16. d4 f5 17. b4 c4 18. Qc2 h4 19. g4 fxg4 20. Nxg4 Nf6 21. Nxf6 Bxf6 22. e5 Bxg2 23. exf6 Nf5 24. Bf2 Bxh3 25. Qe4 Bxf1 26. Qxe6+ Kb8 27. Kxf1 h3 28. Qe4 h2 29. Kg2 Rde8 30. Qf3 Rxe2 31. Qxe2 Qc6+ 32. Qf3 Qxf3+ 33. Kxf3 h1Q+ 34. Rxh1 Rxh1 35. Kg4 Kc7 36. Kg5 d5 37. f7 Rh8 38. Kxg6 Nd6 39. Kg7 Nxf7 40. Kxf7 Rh2 41. Bg3 Rh3 42. Be1 Re3 43. Bh4 Rxc3 44. f5 Kd7 45. f6 Rh3 46. Bg5 Rg3 47. Kg6 Ke8 48. Kf5 Rxg5+ 49. Kxg5 c3 50. Kg6 Kf8 0-1

[Event "CAN-ch U14"]
[Site "Windsor"]
[Date "2010.07.06"]
[Round "2"]
[White "Farrant Diaz, Nathan"]
[Black "Qin, Zi Yi"]
[Result "0-1"]
[WhiteElo "1716"]
[BlackElo "2340"]
[PlyCount "74"]
[EventDate "2010.07.06"]
[EventType "swiss"]
[EventRounds "7"]
[EventCountry "CAN"]
[SourceTitle "EXT 2012"]
[Source "ChessBase"]
[SourceDate "2011.11.24"]
[SourceVersion "1"]
[SourceVersionDate "2011.11.24"]
[SourceQuality "1"]

1. e4 c5 2. Nc3 d6 3. g3 Nc6 4. Bg2 g6 5. d3 Bg7 6. Be3 e5 7. Qd2 Nge7 8. Bh6 0-0 9. Bxg7 Kxg7 10. Nge2 Be6 11. Nd1 d5 12. f3 f6 13. Nf2 d4 14. 0-0 Qd7 15. a3 Rac8 16. Nc1 Rfd8 17. Ne2 a6 18. Nc1 b5 19. Ne2 c4 20. Qe1 Qc7 21. Rc1 Qd7 22. Qd2 Rc7 23. Rb1 c3 24. bxc3 dxc3 25. Qe3 Qd6 26. Ra1 a5 27. Rfb1 b4 28. axb4 Nxb4 29. Qc1 Nec6 30. Ra3 Na2 31. Rxa2 Bxa2 32. Ra1 Be6 33. Ra3 Nd4 34. Nxd4 Qxd4 35. Rxa5 Rb8 36. Kf1 Rcb7 37. Ke2 Rb2 0-1

[Event "Scarborough CC-ch Reserves op"]
[Site "Toronto"]
[Date "2010.02.25"]
[Round "1"]
[White "Farrant Diaz, Nathan"]
[Black "Zhou, Kevin"]
[Result "0-1"]
[WhiteElo "1698"]
[BlackElo "1919"]
[PlyCount "78"]
[EventDate "2010.02.25"]
[EventType "swiss"]
[EventRounds "9"]
[EventCountry "CAN"]
[SourceTitle "EXT 2022"]
[Source "ChessBase"]
[SourceDate "2021.10.06"]
[SourceVersion "1"]
[SourceVersionDate "2021.10.06"]
[SourceQuality "1"]

1. e4 g6 2. d4 Bg7 3. Bc4 d6 4. Nf3 Nf6 5. Nc3 0-0 6. 0-0 c6 7. d5 b5 8. Bb3 b4 9. Na4 Nxe4 10. dxc6 e6 11. Qe1 Nc5 12. Qxb4 Nxc6 13. Qf4 Nxa4 14. Bxa4 Ne5 15. Rd1 Bb7 16. Nxe5 Bxe5 17. Qb4 Qb6 18. a3 d5 19. c3 Rfc8 20. Be3 Qc7 21. h3 Bc6 22. Rab1 Rab8 23. Qh4 Bxa4 24. Qxa4 Rb7 25. Bd4 Bd6 26. Rdc1 Qc6 27. Qxc6 Rxc6 28. b4 a6 29. a4 Rc4 30. a5 Rb5 31. Bf6 Bf8 32. Be5 Bg7 33. f4 f6 34. Bd4 e5 35. fxe5 fxe5 36. Bc5 e4 37. Rd1 Bxc3 38. Rxd5 Rcxc5 39. bxc5 Rxb1+ 0-1

[Event "CAN-ch U10"]
[Site "Kapuskasing"]
[Date "2004.07.07"]
[Round "4"]
[White "Sithamparapillai, Arun"]
[Black "Farrant Diaz, Nathan"]
[Result "1-0"]
[WhiteElo "1060"]
[BlackElo "1081"]
[PlyCount "73"]
[EventDate "2004.07.06"]
[EventType "swiss"]
[EventRounds "7"]
[EventCountry "CAN"]
[SourceTitle "EXT 2006"]
[Source "ChessBase"]
[SourceDate "2005.11.24"]
[SourceVersion "1"]
[SourceVersionDate "2005.11.24"]
[SourceQuality "1"]

1. e4 e6 2. d4 d5 3. exd5 exd5 4. Nf3 Nf6 5. Bg5 Bf5 6. Qe2+ Be7 7. Bxf6 gxf6 8. g3 c6 9. Bg2 Nd7 10. 0-0 Qb6 11. Re1 Qb4 12. c3 Qd6 13. Nbd2 0-0-0 14. Qxe7 Qxe7 15. Rxe7 Be6 16. Nb3 Nf8 17. Nc5 Bd7 18. Rxf7 f5 19. Nxd7 Nxd7 20. Rxf5 Rde8 21. Rf7 Nb6 22. Bh3+ Kb8 23. Ne5 Nc8 24. Nd7+ Ka8 25. Nf6 Rd8 26. Rxh7 Rhf8 27. Nd7 Rfe8 28. Ne5 Rf8 29. Rf7 Rh8 30. Bxc8 Rxc8 31. h4 Rhe8 32. Re1 Re6 33. Rf3 Rg8 34. Rfe3 Rh6 35. Nf7 Rxh4 36. Re8+ Rxe8 37. Rxe8# 1-0